Statistics for British Overseas Territories

Click here to take the quiz!

General Stats

  • This quiz has been taken 60 times
  • The average score is 10 of 14

Answer Stats

PopulationAreaAnswer% Correct
27,000153 km2British Virgin Islands
87%
56,092264 km2Cayman Islands
85%
64,00054 km2Bermuda
83%
28,8006.5 km2Gibraltar
83%
2,95512,173 km2Falkland Islands
81%
4,655101 km2Montserrat
74%
04,066 km2South Georgia and the South Sandwich Islands
74%
13,50091 km2Anguilla
72%
5,530420 km2Saint Helena, Ascension and Tristan De Cunha
68%
32,000430 km2Turks and Caicos Islands
68%
4943 km2Pitcairn Islands
64%
046 km2British Indian Ocean Territory
62%
01,709,400 km2British Antarctic Territory
60%
7,700255 km2Akrotiri and Dhekelia
40%

Score Distribution

Percentile by Number Answered

Percent of People with Each Score

Your Score History

You have not taken this quiz